IATF 16949:2016 – prechod na novú verziu štandardu kvality v automobilovom priemysle

Certifikačná organizácia pre systém manažérstva kvality v automobilom priemysle. Nová revízia štandardu manažérstva kvality ISO/TS 16949:2009 vrátane pokynov pre certifikáciu podľa IATF 16949:2016 – 5. vydanie (IATF Rules).

Salvato in:
Dettagli Bibliografici
Autore principale: Kliment, Juraj
Altri autori: Šolc, Marek
Natura: Capitolo di libro
Lingua:slovacco
Soggetti:
Tags: Aggiungi Tag
Nessun Tag, puoi essere il primo ad aggiungerne!!

MARC

LEADER 00000naa a2200000 4500
001 0229538
005 20220720102823.5
041 0 |a slo 
044 |a SK 
245 1 0 |a IATF 16949:2016 – prechod na novú verziu štandardu kvality v automobilovom priemysle  |c Juraj Kliment, Marek Šolc 
520 |a Certifikačná organizácia pre systém manažérstva kvality v automobilom priemysle. Nová revízia štandardu manažérstva kvality ISO/TS 16949:2009 vrátane pokynov pre certifikáciu podľa IATF 16949:2016 – 5. vydanie (IATF Rules). 
610 2 0 |a systém riadenia kvality 
610 2 0 |a riadenie kvality 
610 2 0 |a normy kvality 
610 2 0 |a štandardy 
610 2 0 |a certifikácia 
610 2 0 |a normy ISO 
610 2 0 |a priemysel automobilový 
100 1 |a Kliment, Juraj 
700 1 |a Šolc, Marek